00309nam a2200121Ia 4500008004100000020001400041050001500055100002300070245004800093260001000141300002300151650001300174150202s9999 xx 000 0 und d a874060400 aFIC bFIC  aKruchten, Marcia.  4aThe ghost in the mirror /cMarcia Kruchten. aUSA : a96 pages :c18 cm. aFiction.